000 00559nam a2200229Ia 4500
003 OSt
005 20221005122431.0
006 a|||||r|||| 00| 0
007 ta
008 221004b |||||||| |||| 00| 0 eng d
024 _a57044
037 _cTextual
040 _aCRL
_cCRL
_beng
041 _2eng
_aeng
082 _aV2:1:M6, F6-;1
100 _aFoster Sir William
_9631980
245 0 _aJohn Company
260 _c1926
650 _aHISTORY
942 _hV2:1:M6, F6-;1
_cTEXL
_2cc
999 _c1044284
_d1044284